| 000 | 00956nam a2200229Ia 4500 | ||
|---|---|---|---|
| 003 | IN-BaIIA | ||
| 008 | 211028s9999 xx 000 0 eng d | ||
| 020 | _a978-0-7354-0616-2 | ||
| 040 | _cIIA Library | ||
| 080 |
_a52-732(082.1) _bHIG |
||
| 111 |
_aInternational Meeting on High Energy Gamma-Ray Astronomy _n4th _cHeidelberg _d2008 July 7-11 _932567 |
||
| 245 | 0 |
_aHigh Energy gamma-ray Astronomy _bproceedings of the 4th International meeting on high Energy gamma-ray Astronomy, held in Heidelberg, Germany, 7-11 July, 2008 _cedited by Felix A. Aharonian, Heinz J. volk and Dieter Horns |
|
| 250 | _a4th ed. | ||
| 260 |
_aNew York _bAmerican Institute of Physics _c2008 |
||
| 300 | _a[various pagings.] | ||
| 650 |
_aGalactic resources-congresses _932568 |
||
| 650 |
_aGamma-ray Astronomy-congresses _932569 |
||
| 700 |
_aAharonian, Felix A., ed. _932570 |
||
| 700 |
_aHofmann, Werner _932571 |
||
| 700 |
_aRieger, Frank M., ed. _932572 |
||
| 942 | _cBK | ||
| 999 |
_c17272 _d17272 |
||